MARC

LEADER 00000nam0a2200000 4500
001 371277
005 20251215135236.0
035 |a (RuTPU)RU\TPU\retro\28687 
090 |a 371277 
100 |a 20221007d1977 m y0rusy50 ca 
101 0 |a rus 
102 |a RU 
105 |a a j 001zy 
200 1 |a Аэрофотосъемочная техника  |e конспект лекций  |f Новосибирский инженерно-строительный институт им. В. В. Куйбышева ; сост. И. М. Павлов, С. И. Родионов 
210 |a Новосибирск  |c [Б. и.]  |d 1977 
215 |a 58 с.  |c ил. 
320 |a Библиогр.: с. 58 
606 1 |a Аэрофотосъемка  |2 stltpush  |3 (RuTPU)RU\TPU\subj\29996  |9 53202 
610 1 |a аэрофотосъемочная аппаратура 
610 1 |a аэрофотоаппараты 
610 1 |a изображения 
610 1 |a сдвиг 
610 1 |a устройства 
610 1 |a аэрофотоустановки 
610 1 |a приборы управления 
610 1 |a лекции 
610 1 |a учебные пособия 
675 |a 528.711.112(075.8)  |v 4 
702 1 |a Павлов  |b И. М.  |4 220 
702 1 |a Родионов  |b С. И.  |4 220 
712 0 2 |a Новосибирский инженерно-строительный институт им. В. В. Куйбышева  |c 1935-1993  |7 ca  |8 rus  |2 stltpush  |3 (RuTPU)RU\TPU\col\11898  |9 25287 
801 1 |a RU  |b 63413507  |c 20221007 
942 |c BK